000 00271 a2200109 4500
000 nam a22 7a 4500
005 20260226152458.0
100 _aKaisii, Athikho
_91116788
245 _aMigration and Settlement of the tribes
260 _bRawat
_c2026
942 _cTEXL
999 _c1680291
_d1680291